| 000 | 00517nam a22001817a 4500 | ||
|---|---|---|---|
| 005 | 20170705115334.0 | ||
| 010 | _aENG-119108 | ||
| 020 |
_a9789382634102 _c475.00 |
||
| 035 | _aEN-102640 | ||
| 037 | _bDBAD/PUB | ||
| 082 | _a613.70449 | ||
| 100 | _aSharma ,Anurag | ||
| 245 |
_a Healthy body diet / _cby Anurag Sharma |
||
| 260 |
_aAllahabad _bMeenakshi Prakashan _c2016 |
||
| 270 |
_a5, Khusrobagh Road _bAllahabad _e211001 |
||
| 300 |
_av,152p. _c22cm(Hb) |
||
| 942 |
_2ddc _cEN _h613.70449 _mSHA |
||
| 999 |
_c142299 _d142299 |
||